000 00431nam a22001817a 4500
003 MPLRDC
005 20220104142944.0
008 210129b ||||| |||| 00| 0 eng d
020 _a962-451-167-5
082 _a563.5 CGH c.2
100 _a蔡光华
245 _a基金投资技巧
_c
250 _a初版一刷
260 _a
_b皇冠出版社
_c1993
300 _b
650 _a基金投资
942 _cBK
_o563.5 CGH c.2
999 _c35249
_d35239